|
|
|
|
| LEADER |
02845nam a22005415i 4500 |
| 001 |
978-3-642-29344-3 |
| 003 |
DE-He213 |
| 005 |
20151204162810.0 |
| 007 |
cr nn 008mamaa |
| 008 |
120410s2012 gw | s |||| 0|eng d |
| 020 |
|
|
|a 9783642293443
|9 978-3-642-29344-3
|
| 024 |
7 |
|
|a 10.1007/978-3-642-29344-3
|2 doi
|
| 040 |
|
|
|d GrThAP
|
| 050 |
|
4 |
|a QA76.9.A43
|
| 072 |
|
7 |
|a UMB
|2 bicssc
|
| 072 |
|
7 |
|a COM051300
|2 bisacsh
|
| 082 |
0 |
4 |
|a 005.1
|2 23
|
| 245 |
1 |
0 |
|a LATIN 2012: Theoretical Informatics
|h [electronic resource] :
|b 10th Latin American Symposium, Arequipa, Peru, April 16-20, 2012. Proceedings /
|c edited by David Fernández-Baca.
|
| 264 |
|
1 |
|a Berlin, Heidelberg :
|b Springer Berlin Heidelberg,
|c 2012.
|
| 300 |
|
|
|a XVII, 669 p.
|b online resource.
|
| 336 |
|
|
|a text
|b txt
|2 rdacontent
|
| 337 |
|
|
|a computer
|b c
|2 rdamedia
|
| 338 |
|
|
|a online resource
|b cr
|2 rdacarrier
|
| 347 |
|
|
|a text file
|b PDF
|2 rda
|
| 490 |
1 |
|
|a Lecture Notes in Computer Science,
|x 0302-9743 ;
|v 7256
|
| 520 |
|
|
|a This book constitutes the proceedings of the 10th Latin American Symposium on Theoretical Informatics, LATIN 2012, held in Arequipa, Peru, in April 2012. The 55 papers presented in this volume were carefully reviewed and selected from 153 submissions. The papers address a variety of topoics in theoretical computer science with a certain focus on algorithms, automata theory and formal languages, coding theory and data compression, algorithmic graph theory and combinatorics, complexity theory, computational algebra, computational biology, computational geometry, computational number theory, cryptography, theoretical aspects of databases and information retrieval, data structures, networks, logic in computer science, machine learning, mathematical programming, parallel and distributed computing, pattern matching, quantum computing and random structures.
|
| 650 |
|
0 |
|a Computer science.
|
| 650 |
|
0 |
|a Computer communication systems.
|
| 650 |
|
0 |
|a Computers.
|
| 650 |
|
0 |
|a Algorithms.
|
| 650 |
|
0 |
|a Numerical analysis.
|
| 650 |
|
0 |
|a Computer science
|x Mathematics.
|
| 650 |
1 |
4 |
|a Computer Science.
|
| 650 |
2 |
4 |
|a Algorithm Analysis and Problem Complexity.
|
| 650 |
2 |
4 |
|a Computer Communication Networks.
|
| 650 |
2 |
4 |
|a Discrete Mathematics in Computer Science.
|
| 650 |
2 |
4 |
|a Numeric Computing.
|
| 650 |
2 |
4 |
|a Information Systems Applications (incl. Internet).
|
| 650 |
2 |
4 |
|a Computation by Abstract Devices.
|
| 700 |
1 |
|
|a Fernández-Baca, David.
|e editor.
|
| 710 |
2 |
|
|a SpringerLink (Online service)
|
| 773 |
0 |
|
|t Springer eBooks
|
| 776 |
0 |
8 |
|i Printed edition:
|z 9783642293436
|
| 830 |
|
0 |
|a Lecture Notes in Computer Science,
|x 0302-9743 ;
|v 7256
|
| 856 |
4 |
0 |
|u http://dx.doi.org/10.1007/978-3-642-29344-3
|z Full Text via HEAL-Link
|
| 912 |
|
|
|a ZDB-2-SCS
|
| 912 |
|
|
|a ZDB-2-LNC
|
| 950 |
|
|
|a Computer Science (Springer-11645)
|